| 000 -ლიდერი |
| ფიქსირებული სიგრძის საკონტროლო ველი |
01667nam a2200277Ia 4500 |
| 001 - საკონტროლო ნომერი |
| საკონტროლო ველი |
7067 |
| 003 - საკონტროლო ნომრის იდენტიფიკატორი |
| საკონტროლო ველი |
GE_BSU |
| 005 - ბოლო ოპერაციის თარიღი და დრო |
| საკონტროლო ველი |
20190422151122.0 |
| 008 - ფიქსირებული სიგრძის მონაცემთა ელემენტები - ზოგადი ინფორმაცია |
| ფიქსირებული სიგრძის საკონტროლო ველი |
181216s2009||||ge |||||||||||||| ||geo|| |
| 020 ## - წიგნის საერთაშორისო სტანდარტული ნომერი |
| International Standard Book Number |
9789941906732. |
| 040 ## - კატალოგიზაციის წყარო |
| Transcribing agency |
GE_BSU |
| 041 ## - ენის კოდი |
| Language code of text/sound track or separate title |
geo |
| 080 ## - უნივერსალური ათობითი კლასიფიკაციის ინდექსი |
| Universal Decimal Classification number |
821.353.1-09-13+769.2(479.22) |
| 100 ## - მთავარი ჩანაწერი - პიროვნების სახელი |
| Personal name |
მატაბელი, ქეთი. |
| 9 (RLIN) |
308 |
| 245 ## - ცნობა სათაურის შესახებ |
| Title |
"ვეფხისტყაოსანს" წარმოგიდგენთ ქეთი მატაბელი=The knight in the panther' s skin presented by keti matabel. |
| Statement of responsibility, etc |
მთ.რედ: ლევან ღვინჯილია; ტექსტ.ავტ. ლევან გიგინეიშვილი; ბოლოსიტყვ. მაია ციციშვილი. |
| 264 ## - წარმოების, გამოცემის, დისტრიბუციის და სხვა ცნობები |
| გამოცემის, წარმოების, დისტრიბუციის... ადგილი |
თბილისი : |
| გამოცემის, წარმოების, დისტრიბუციის... სახელწოდება |
სეზანი, |
| გამოცემის, წარმოების, დისტრიბუციის... თარიღი |
2009. |
| 300 ## - ფიზიკური აღწერა |
| Extent |
107გვ. : |
| Other physical details |
ილ. კატალ., |
| Dimensions |
28სმ. |
| Accompanying material |
|
| 490 ## - სერიის ცნობა |
| Series statement |
(პროექტი ჩვენ და "ვეფხისტყაოსანი"პროექტ.ხელმძღვ.შავლეგ შავერდაშვილი;იდეის ავტ.მანან კარტოზია;) |
| Volume number/sequential designation |
წ. 4 |
| 653 ## - INDEX TERM--UNCONTROLLED |
| Uncontrolled term |
ვეფხისტყაოსანი |
| 653 ## - INDEX TERM--UNCONTROLLED |
| Uncontrolled term |
შოთა რუსთაველი |
| 700 ## - ADDED ENTRY--PERSONAL NAME |
| Personal name |
ღვინჯილია, ლევან |
| Relator term |
მთ. რედაქტორი |
| 9 (RLIN) |
310 |
| 700 ## - ADDED ENTRY--PERSONAL NAME |
| Personal name |
გიგინეიშვილი, ლევან |
| Relator term |
ტექსტის ავტორი |
| 9 (RLIN) |
311 |
| 700 ## - ADDED ENTRY--PERSONAL NAME |
| Personal name |
ციციშვილი, აია |
| Relator term |
ბოლოსიტვაობა |
| 9 (RLIN) |
312 |
| 942 ## - ADDED ENTRY ELEMENTS (KOHA) |
| Koha item type |
წიგნი |
| Source of classification or shelving scheme |
|